00468nam a2200181Ia 4500003000400000005001700004008004100021020001800062040000700080041000800087082001600095100002000111245008700131250000600218260003300224300001600257365001300273OSt20230331162152.0210423s2009 xx 000 0 und d a9780749455248 cAL aeng a658.15 BARC aBARROW (Colin). aPractical financial management: guide to budgets, balance sheet, business finance. a7 aLondonbKogan Page Ltdc2009 axxv,196bPB b295cINR